[Event "AUT-ch U12"]
[Site "St Kanzian"]
[Date "2018.05.22"]
[Round "7.13"]
[White "Nowakowski, Paul"]
[Black "Hundertpfund, Nikolaus"]
[Result "1/2-1/2"]
[WhiteElo "1096"]
[BlackElo "1204"]
[PlyCount "87"]
[EventDate "2018.05.19"]
[EventType "swiss"]
[EventRounds "7"]
[EventCountry "AUT"]
[SourceTitle "EXT 2024"]
[Source "ChessBase"]
[SourceDate "2023.10.10"]
[SourceVersion "1"]
[SourceVersionDate "2023.10.10"]
[SourceQuality "1"]

1. e4 c5 2. Nf3 d6 3. d4 cxd4 4. Nxd4 Nf6 5. Nc3 g6 6. Be3 Bg7 7. Qd2 0-0 8. Be2 Bd7 9. 0-0-0 Nc6 10. Rdg1 Ng4 11. Nf3 Nxe3 12. Qxe3 Nb4 13. Nd4 Nc6 14. Nb3 Qc7 15. g4 a6 16. h4 b5 17. h5 b4 18. Nd5 Qd8 19. hxg6 fxg6 20. Bc4 e6 21. Nf4 Qf6 22. Nd3 Qf3 23. Qxf3 Rxf3 24. Rg2 a5 25. Rgh2 Rf7 26. f4 Re8 27. f5 gxf5 28. gxf5 Ne5 29. fxe6 Bxe6 30. Bxe6 Nxd3+ 31. cxd3 Rxe6 32. Kb1 Be5 33. Rg2+ Kh8 34. Nxa5 Ra7 35. Nc6 Ra4 36. Nxe5 dxe5 37. Rc1 Re8 38. Kc2 Rxa2 39. Kb3 Ra7 40. Rc4 Rd7 41. Rg3 Red8 42. Kc2 b3+ 43. Kc3 h6 44. Rc6 1/2-1/2

[Event "AUT-ch U10"]
[Site "St Kanzian"]
[Date "2017.06.18"]
[Round "7.7"]
[White "Hundertpfund, Nikolaus"]
[Black "Trummer, Alexander"]
[Result "1-0"]
[WhiteElo "1083"]
[BlackElo "1083"]
[PlyCount "85"]
[EventDate "2017.06.16"]
[EventType "swiss"]
[EventRounds "7"]
[EventCountry "AUT"]
[SourceTitle "EXT 2024"]
[Source "ChessBase"]
[SourceDate "2023.10.10"]
[SourceVersion "1"]
[SourceVersionDate "2023.10.10"]
[SourceQuality "1"]

1. d4 Nf6 2. c4 e5 3. dxe5 Ng4 4. Nf3 Nc6 5. e3 Ngxe5 6. Be2 Bb4+ 7. Bd2 Bxd2+ 8. Qxd2 d6 9. 0-0 Bg4 10. Nxe5 Nxe5 11. Bxg4 Nxg4 12. Nc3 0-0 13. Rfe1 Re8 14. h3 Ne5 15. b3 Re6 16. Kh1 Rh6 17. e4 Qh4 18. Re3 Re8 19. Rg3 Ree6 20. Qg5 Qxg5 21. Rxg5 Nd3 22. f3 f6 23. Rd5 Nf4 24. Rd2 c6 25. Rad1 Re5 26. Rxd6 Rg5 27. R1d2 b6 28. Kh2 c5 29. Nd5 Ne6 30. Ne7+ Kf7 31. Nc8 Nd4 32. Nxa7 Rgh5 33. Nb5 Nxf3+ 34. gxf3 Rxh3+ 35. Kg2 Rh2+ 36. Kf1 Rh1+ 37. Ke2 R1h2+ 38. Kd3 R2h3 39. Rd7+ Kg6 40. Rg2+ Kh5 41. Rgxg7 Kh4 42. e5 Rh5 43. Rg4# 1-0

[Event "AUT-ch U10"]
[Site "St Kanzian"]
[Date "2017.06.17"]
[Round "6.4"]
[White "Maiberg, Leon"]
[Black "Hundertpfund, Nikolaus"]
[Result "1-0"]
[WhiteElo "1241"]
[BlackElo "1083"]
[PlyCount "69"]
[EventDate "2017.06.16"]
[EventType "swiss"]
[EventRounds "7"]
[EventCountry "AUT"]
[SourceTitle "EXT 2024"]
[Source "ChessBase"]
[SourceDate "2023.10.10"]
[SourceVersion "1"]
[SourceVersionDate "2023.10.10"]
[SourceQuality "1"]

1. d4 Nf6 2. Nf3 g6 3. c4 Bg7 4. Nc3 d6 5. e4 e5 6. Be3 0-0 7. Be2 Nc6 8. d5 Ne7 9. 0-0 Ne8 10. Nd2 f5 11. Nb3 f4 12. Bd2 g5 13. f3 h5 14. c5 Ng6 15. Rc1 Qf6 16. Nb5 Ne7 17. Bb4 Qh6 18. Nd2 h4 19. Nc4 h3 20. Rf2 Bf6 21. cxd6 cxd6 22. Nbxd6 g4 23. fxg4 Bh4 24. Nxe5 Bxf2+ 25. Kxf2 Qh4+ 26. Kg1 Kg7 27. Qd4 Nf6 28. Rc7 Rh8 29. Rxe7+ Kh6 30. Nef7+ Kh7 31. Nxh8+ Kxh8 32. Bc3 Kg8 33. Qxf6 Qxf6 34. Bxf6 Kf8 35. Re8# 1-0

[Event "AUT-ch U10"]
[Site "St Kanzian"]
[Date "2017.06.16"]
[Round "2.10"]
[White "Freilinger, Simon"]
[Black "Hundertpfund, Nikolaus"]
[Result "1-0"]
[WhiteElo "893"]
[BlackElo "1083"]
[PlyCount "67"]
[EventDate "2017.06.16"]
[EventType "swiss"]
[EventRounds "7"]
[EventCountry "AUT"]
[SourceTitle "EXT 2024"]
[Source "ChessBase"]
[SourceDate "2023.10.10"]
[SourceVersion "1"]
[SourceVersionDate "2023.10.10"]
[SourceQuality "1"]

1. e4 c5 2. Nf3 d6 3. Bb5+ Bd7 4. Bxd7+ Qxd7 5. d3 Nf6 6. Nc3 g6 7. 0-0 Bg7 8. h3 0-0 9. Bg5 Nc6 10. Bxf6 Bxf6 11. Qd2 Rfe8 12. b3 b5 13. Nd5 Bxa1 14. Rxa1 e6 15. Nf6+ Kh8 16. Nxd7 Re7 17. Nf6 Kg7 18. Ng4 f5 19. Qh6+ Kf7 20. Qxh7+ Kf8 21. Qh8+ Kf7 22. Qxa8 Nb4 23. Nh6+ Kg7 24. Qd8 Rb7 25. Qxd6 Kxh6 26. Qxc5 a5 27. Qe3+ Kh7 28. Qg5 Rc7 29. Ne5 Rg7 30. Qf6 Nxc2 31. Rc1 Nd4 32. exf5 exf5 33. Qh4+ Kg8 34. Qxd4 1-0

[Event "AUT-ch U10"]
[Site "St Veit"]
[Date "2016.05.28"]
[Round "4.10"]
[White "Hundertpfund, Nikolaus"]
[Black "Woschitz, Thomas"]
[Result "1-0"]
[WhiteElo "1076"]
[BlackElo "1128"]
[PlyCount "127"]
[EventDate "2016.05.27"]
[EventType "swiss"]
[EventRounds "7"]
[EventCountry "AUT"]
[SourceTitle "EXT 2024"]
[Source "ChessBase"]
[SourceDate "2023.10.10"]
[SourceVersion "1"]
[SourceVersionDate "2023.10.10"]
[SourceQuality "1"]

1. d4 f5 2. c4 Nf6 3. Nc3 g6 4. Bf4 Bg7 5. e3 d6 6. Nf3 Nh5 7. Bg5 Bf6 8. Bh6 e5 9. dxe5 dxe5 10. Qxd8+ Bxd8 11. Nxe5 g5 12. Be2 g4 13. 0-0 Bf6 14. Bf4 Nxf4 15. exf4 Nd7 16. Nxd7 Bxd7 17. Rfe1 0-0 18. Nd5 Bxb2 19. Nxc7 Rac8 20. Rab1 Be5 21. fxe5 Rxc7 22. Rec1 Re8 23. f3 Rxe5 24. Bd1 Be6 25. fxg4 fxg4 26. Rb4 Rf7 27. g3 Re1+ 28. Kg2 Bd7 29. Rc3 Bc6+ 30. Bf3 gxf3+ 31. Kf2 Re2+ 32. Kf1 Bd7 33. Rxf3 Rxh2 34. Rxf7 Kxf7 35. Rxb7 Ke8 36. Rxa7 Be6 37. Kg1 Rc2 38. Rxh7 Bxc4 39. Rc7 Kd8 40. Rc5 Rc1+ 41. Kf2 Kd7 42. Ke3 Rc3+ 43. Kd4 Kd6 44. Rxc4 Rxg3 45. Rc2 Rg4+ 46. Ke3 Rg5 47. Kd3 Rc5 48. Rb2 Kc6 49. Kd4 Rb5 50. Rc2+ Kb6 51. Rc4 Ra5 52. Rb4+ Ka6 53. a4 Ka7 54. Kc3 Ka6 55. Kb3 Ka7 56. Rb5 Ka6 57. Kb4 Rxb5+ 58. axb5+ Kb6 59. Kc4 Kc7 60. Kc5 Kc8 61. Kc6 Kb8 62. Kb6 Ka8 63. Kc7 Ka7 64. b6+ 1-0

[Event "AUT-ch U10"]
[Site "St Veit"]
[Date "2016.05.28"]
[Round "5.7"]
[White "Koglbauer, Til"]
[Black "Hundertpfund, Nikolaus"]
[Result "1-0"]
[WhiteElo "1274"]
[BlackElo "1076"]
[PlyCount "101"]
[EventDate "2016.05.27"]
[EventType "swiss"]
[EventRounds "7"]
[EventCountry "AUT"]
[SourceTitle "EXT 2024"]
[Source "ChessBase"]
[SourceDate "2023.10.10"]
[SourceVersion "1"]
[SourceVersionDate "2023.10.10"]
[SourceQuality "1"]

1. e4 d5 2. exd5 Qxd5 3. Nc3 Qd8 4. d4 Nf6 5. Bc4 Bf5 6. Nf3 e6 7. 0-0 Bb4 8. Bd2 0-0 9. a3 Bxc3 10. Bxc3 Nbd7 11. Qd2 Ne4 12. Qe3 Nxc3 13. Qxc3 Nb6 14. Rad1 Nxc4 15. Qxc4 Be4 16. Qe2 Bc6 17. Ne5 a6 18. Nxc6 bxc6 19. Rd3 Rb8 20. b3 Ra8 21. Rh3 Qxd4 22. Rd1 Qf6 23. Rd7 Rad8 24. Rxd8 Rxd8 25. Qe1 Qb2 26. Rd3 Rf8 27. Rh3 Qxa3 28. Rc3 Qb4 29. Qe3 Qa5 30. Qe1 Qb4 31. h3 h6 32. Qe3 Qe7 33. Rxc6 Ra8 34. Qc3 Qd7 35. Rxc7 Qd1+ 36. Kh2 Qd6+ 37. g3 Qb6 38. Kg2 Rf8 39. Rc6 Qb7 40. Kh2 Qa7 41. Kg1 Rd8 42. Qc4 Rd1+ 43. Kg2 Rd2 44. Qf4 Qb7 45. Qxd2 Qxc6+ 46. Kh2 a5 47. c4 Qb6 48. Qc2 e5 49. c5 Qc6 50. Qc3 Qf3 51. Qxf3 1-0

[Event "AUT-ch U08"]
[Site "Woerth"]
[Date "2015.06.06"]
[Round "5.1"]
[White "Gschiel, Alexander"]
[Black "Hundertpfund, Nikolaus"]
[Result "1-0"]
[WhiteElo "917"]
[BlackElo "1027"]
[PlyCount "23"]
[EventDate "2015.06.05"]
[EventType "swiss"]
[EventRounds "7"]
[EventCountry "AUT"]
[SourceTitle "EXT 2024"]
[Source "ChessBase"]
[SourceDate "2023.10.10"]
[SourceVersion "1"]
[SourceVersionDate "2023.10.10"]
[SourceQuality "1"]

1. e4 e5 2. Nf3 Nc6 3. c3 d5 4. Qa4 dxe4 5. Nxe5 Nh6 6. Nxc6 bxc6 7. Qxc6+ Bd7 8. Qxe4+ Be6 9. Bb5+ Ke7 10. d4 Rb8 11. Bc4 f5 12. Qxe6# 1-0

[Event "AUT-ch U08"]
[Site "Woerth"]
[Date "2015.06.05"]
[Round "1.3"]
[White "Maiberg, Leon"]
[Black "Hundertpfund, Nikolaus"]
[Result "1/2-1/2"]
[WhiteElo "867"]
[BlackElo "1027"]
[PlyCount "100"]
[EventDate "2015.06.05"]
[EventType "swiss"]
[EventRounds "7"]
[EventCountry "AUT"]
[SourceTitle "EXT 2024"]
[Source "ChessBase"]
[SourceDate "2023.10.10"]
[SourceVersion "1"]
[SourceVersionDate "2023.10.10"]
[SourceQuality "1"]

1. d4 d5 2. c4 c6 3. Nf3 Nf6 4. Nc3 Bf5 5. cxd5 cxd5 6. Bg5 h6 7. Bxf6 exf6 8. Qb3 Be6 9. Qxb7 Nd7 10. e4 Rb8 11. Qxa7 Rxb2 12. exd5 Bf5 13. Bb5 Bb4 14. Rc1 0-0 15. 0-0 Bxc3 16. Rxc3 Rxb5 17. Rc7 Rxd5 18. Qb7 Be4 19. Nd2 Rc5 20. dxc5 Bxb7 21. Rxb7 Nxc5 22. Rb5 Qxd2 23. Rxc5 Qxa2 24. Rfc1 Qb2 25. h3 Re8 26. R5c2 Qe5 27. Rc8 Rxc8 28. Rxc8+ Kh7 29. g3 Qf5 30. Rc1 Qxh3 31. g4 Qxg4+ 32. Kh1 Qf3+ 33. Kg1 h5 34. Re1 h4 35. Re3 Qf5 36. Kh1 h3 37. Re1 Qxf2 38. Rg1 h2 39. Rxg7+ Kh6 40. Rh7+ Kg5 41. Rh5+ Kg4 42. Rg5+ Kf3 43. Rf5+ Ke2 44. Re5+ Qe3 45. Rxe3+ Kxe3 46. Kxh2 f5 47. Kg2 f4 48. Kf1 f3 49. Ke1 f2+ 50. Kf1 Kf3 1/2-1/2